Index bibliographicus Societatis Iesu. (Record no. 178775)

MARC details
000 -LEADER
campo de control de longitud fija 00615nas a2200217 i 4500
001 - NÚMERO DE CONTROL
campo de control 178775
003 - IDENTIFICADOR DE NÚMERO DE CONTROL
campo de control ES-MaACL
005 - FECHA Y HORA DE LA ÚLTIMA TRANSACCIÓN
campo de control 20250217134901.0
008 - DATOS DE LONGITUD FIJA--INFORMACIÓN GENERAL
campo de control de longitud fija 110621d19371977it a| | ||at d
080 ## - NÚMERO DE LA CLASIFICACIÓN DECIMAL UNIVERSAL
Número de la Clasificación Decimal Universal 013:271.5
245 00 - MENCIÓN DEL TÍTULO
Título Index bibliographicus Societatis Iesu.
260 ## - PUBLICACIÓN, DISTRIBUCIÓN, ETC.
Lugar de publicación, distribución, etc. Roma :
Nombre del editor, distribuidor, etc. [s.n.],
Fecha de publicación, distribución, etc. 1937-1977.
300 ## - DESCRIPCIÓN FÍSICA
Extensión 1 vol. ;
Dimensiones 24 cm.
362 0# - FECHAS DE PUBLICACIÓN Y/O DESIGNACIÓN SECUENCIAL
Fecha de publicación y/o designación secuencial Vol. 1 (1938)-Vol. 20 (1977)
500 ## - NOTA GENERAL
Nota general Vol. 8 1962 - Jesús G. Arberas.
610 24 - PUNTO DE ACCESO ADICIONAL DE MATERIA--NOMBRE DE ENTIDAD CORPORATIVA
Nombre de entidad corporativa o nombre de jurisdicción como elemento de entrada Jesuítas-
Subdivisión general Bibliografías.
9 (RLIN) 147247
700 1# - ENTRADA AGREGADA--NOMBRE PERSONAL
Nombre de persona Arberas, Jesús G.
9 (RLIN) 147248
852 ## - LOCALIZACIÓN
Ubicación ES-MaACL
Número de control de estantería E-3394
866 #0 - MENCIÓN TEXTUAL DE FONDOS--UNIDAD BIBLIOGRÁFICA BÁSICA
Fondos 1962.
Holdings
Estatus retirado Estado de pérdida Estado de daño No para préstamo Colección Biblioteca de origen Biblioteca actual Ubicación en estantería Fecha de adquisición Fuente de adquisición Total de préstamos Signatura topográfica completa Código de barras Visto por última vez Precio de reemplazo Tipo de ítem Koha
        Periódicos y Revistas Biblioteca del Ateneo de Madrid Biblioteca del Ateneo de Madrid Depósito 2 21/06/2011     E-3394 1187789 23/02/2023 23/02/2023 Revista